Manual de historia del derecho indiano /

Tratado histórico general sobre el orden jurídico especial creado por la Corona española para regir, junto con el derecho español, sus dominios de ultramar.

Guardado en:
Bibliografiske detaljer
Hovedforfatter: Dougnac Rodríguez, Antonio (autor)
Format: Bog
Sprog:spansk
Udgivet: México : McGraw-Hill : UNAM, 1998, c1998
Udgivelse:2a edición
Serier:(Jurídica)
(Serie C. Estudios Históricos ; 47)
Fag:
Tags: Tilføj Tag
Ingen Tags, Vær først til at tagge denne postø!

MARC

LEADER 00000nam^a2200000^a^4500
001 000109743
005 20250521000000.0
009 20260310093733.078
020 |a 970-10-1960-1 
037 |a Acervo ITESO - Biblioteca 
041 |a ESP 
082 |a 340. 098013  |b DOU 
100 |a Dougnac Rodríguez, Antonio  |e (autor) 
245 1 0 |a Manual de historia del derecho indiano /  |c A. Dougnac Rodríguez ; pról. de José Luis Soberanes Fernández. 
250 |a 2a edición 
264 4 |a México :  |b McGraw-Hill :  |b UNAM,  |c 1998, c1998 
300 |a XIV, 398 p. 
336 |a texto  |b txt  |2 rdacontenido 
337 |a sin mediación  |b n  |2 rdamedio 
338 |a volumen  |b nc  |2 rdasoporte 
440 1 |a (Jurídica) 
440 1 |a (Serie C.  |p Estudios Históricos ;  |v 47) 
520 |a Tratado histórico general sobre el orden jurídico especial creado por la Corona española para regir, junto con el derecho español, sus dominios de ultramar. 
534 |a Reproducción facsimilar de la edición de 1869 
649 |a XX 
650 |a Derecho -  |z América -  |x Historia -  |y Epoca Colonial 
650 |a Derecho -  |z España -  |x Historia -  |y Casa de Austria, 1516-1700 
650 |a Derecho -  |z España -  |x Historia -  |y Borbones, 1700-1931 
650 |a América -  |x Historia -  |y Epoca Colonial 
650 |a España -  |x Historia -  |y Casa de Austria, 1516-1700 
650 |a España -  |x Historia -  |y Borbones, 1700-1931 
910 |a Fondo General 
920 |a Impresos - Libros 
930 |a Colección General 
905 |a 101 
901 |a 0500046152  |b IT1  |c ACC  |u 20250521 
902 |a https://opac.biblio.iteso.mx/vufind/Record/000109743